00658cam a2200217 a 4500001000800000005001700008008004100025010001700066020001500083035001200098040001300110043001200123050002200135100002500157245005100182250001700233260003900250300002900289504006600318650005600384488127920170124124932.0921020s1992 nyua b 001 0 eng  a 92229062  a0823021637 a(OCoLC) aDLCcDLC an-us---00aNC1001b.C72 19921 aCraig, James,d1930-10aGraphic design career guide /cby James Craig. a2nd rev. ed. aNew York :bWatson-Guptill,c1992. a159 p. :bill. ;c28 cm. aIncludes bibliographical references (p. [152]-153) and index. 0aCommercial artxVocational guidancezUnited States.